000 00387 a2200133 4500
082 _a297.1227
090 _c3382
_d3382
100 _aSehikh Ahmed Sirhindi
245 _aMaktoob-e-Imam Rabbani (Vol I)
_cSehikh Ahmed Sirhindi
_h[Urdu]
260 _aLahore:
_bIdara Islamiyaat,
_c1988.
300 _a734 p. ;
_c 24 cm.
650 _aSehikh Ahmed Sirhindi--Biography
942 _cBK
_k297.1227 RAB
999 _c7293
_d7293